Normal view
MARC view
Entry Personal Name
001 - CONTROL NUMBER
- control field: 566325
003 - CONTROL NUMBER IDENTIFIER
- control field: OSt
005 - DATE AND TIME OF LATEST TRANSACTION
- control field: 20220930201922.0
008 - FIXED-LENGTH DATA ELEMENTS
- fixed length control field: 220930|| aca||aabn | a|a d
040 ## - CATALOGING SOURCE
- Original cataloging agency: OSt
- Transcribing agency: OSt
100 ## - HEADING--PERSONAL NAME
- Personal name: Sontakay Shalini
670 ## - SOURCE DATA FOUND
- Source citation: Work cat.: (OSt)902546: Sontakay Shalini, Study of the surgical aspects of different types of hernias in childhood and assessment of the results of operative treatment, 1958
